Insurance in India : changing policies and emerging opportunities (Record no. 3191)

MARC details
000 -LEADER
fixed length control field 00499nam a2200181Ia 4500
020 ## - INTERNATIONAL STANDARD BOOK NUMBER
ISBN 81-7829-267-X
082 ## - DEWEY DECIMAL CLASSIFICATION NUMBER
Classification number 368.00954 PAL-;
100 ## - MAIN ENTRY--AUTHOR NAME
Personal name Shah, R.S.
245 #0 - TITLE STATEMENT
Title Insurance in India : changing policies and emerging opportunities
260 ## - PUBLICATION, DISTRIBUTION, ETC. (IMPRINT)
Place of publication New Delhi
Name of publisher Response Books
Year of publication 2003
300 ## - PHYSICAL DESCRIPTION
Number of Pages 492p.
504 ## - BIBLIOGRAPHY, ETC. NOTE
Bibliography, etc Includes bibliography and index
650 ## - SUBJECT ADDED ENTRY--TOPICAL TERM
Topical Term Insurance - India
650 ## - SUBJECT ADDED ENTRY--TOPICAL TERM
Topical Term Insurance policies - India
700 ## - ADDED ENTRY--PERSONAL NAME
Personal name Palande, P.S.
700 ## - ADDED ENTRY--PERSONAL NAME
Personal name Lunawat, M.L.
942 ## - ADDED ENTRY ELEMENTS (KOHA)
Koha item type Books
Holdings
Withdrawn status Lost status Damaged status Not for loan Home library Current library Date acquired Bill Date Full call number Accession Number Price effective from Koha item type
        NASSDOC Library NASSDOC Library 09/09/2004 2004-10-05 368.00954 PAL-; 39166 18/04/2019 Books